000 00234nam a2200097Ia 4500
001 1157536
005 20250827011243.0
008 250824s9999 xx 000 0 und d
245 0 _aNE OKURSAN O OLUR
_cROBERT DIYANNI
260 _bANTRE
999 _c1157536
_d1157536